Anagrammes - Vocabulaire - Série 10 - Statistiques

Statistiques générales
  • Ce quiz a été pris 145 fois
  • Le résultat moyen est 6 sur 12
Statistiques - réponses
Indice Anagramme Mot % Correct
loto TRIAGE tirage
88%
chaussure OBTIENT bottine
87%
anniversaire AUDACE cadeau
85%
vêtement REPECHA echarpe
72%
fruit DERANGE grenade
71%
animal LIBERE belier
69%
animal SIGNALER sanglier
53%
suisse TENEUR neutre
34%
diminution DOUCIRENT reduction
27%
oiseau MERITANT martinet
20%
militaire ROUMAINS marsouin
12%
cinéma RESISTANCE scenariste
1%
Aucun quiz correspondant
Distribution des résultats
% des personnes avec chaque résultat
Percentile par nombre de réponses
Votre historique - résultats
Vous n’avez pas pris ce quiz